Caffey`s Pediatric Diagnostic Imaging Vol - 2 (Record no. 10053)

MARC details
000 -LEADER
fixed length control field 00367pam a2200145 a 4500
020 ## - INTERNATIONAL STANDARD BOOK NUMBER
International Standard Book Number 9780323081764
Terms of availability
041 ## - LANGUAGE CODE
Language code of original
082 ## - DEWEY DECIMAL CLASSIFICATION NUMBER
Classification number 616.0757`92
Item number COL
100 ## - MAIN ENTRY--PERSONAL NAME
Personal name Brian D. Coley .
245 ## - TITLE STATEMENT
Title Caffey`s Pediatric Diagnostic Imaging Vol - 2
Medium Textual Documents
250 ## - EDITION STATEMENT
Edition statement 12th ed. .
260 ## - PUBLICATION, DISTRIBUTION, ETC.
Name of publisher, distributor, etc. Elsevier Saunders
Date of publication, distribution, etc. 2013
300 ## - PHYSICAL DESCRIPTION
Extent 771:
Other physical details 152.
930 ## - EQUIVALENCE OR CROSS-REFERENCE-UNIFORM TITLE HEADING [LOCAL, CANADA]
Uniform title 10060
Holdings
Withdrawn status Lost status Damaged status Not for loan Collection Home library Current library Date acquired Source of acquisition Cost, normal purchase price Total Checkouts Full call number Barcode Date last seen Copy number Price effective from Koha item type
          Medical College, Pune Medical College, Pune 10/12/2014 National Book Depot 8039.00   616.0757`92 COL MCP-15837 06/02/2023 1 06/02/2023 Book